Statistics for Double Letters A-Z

Click here to take the quiz!

General Stats

  • This quiz has been taken 13,302 times
    (13,096 since last reset)
  • The average score is 15 of 26

Answer Stats

Clue Answer % Correct
II50th U.S. StateHawaii
92%
BBLarge space telescopeHubble
87%
FFLimousine driverChauffeur
85%
ZZWhat Jetpunk.com providesQuizzes
78%
GGScottish delicacy made with
sheep organs
Haggis
78%
LLArmored state animal of TexasArmadillo
78%
EEElectric or MorayEel
77%
KKJewish holiday featuring a menorahHanukkah
76%
OOTropical cycloneTyphoon
74%
MMU can't touch himMC Hammer
71%
SSThe splitting of the atomFission
65%
JJAnnual pilgrimage to MeccaHajj
60%
XXActor who portrayed Ray CharlesJamie Foxx
59%
UUSpace devoid of matterVacuum
59%
RRThin wispy cloudsCirrus
57%
TTBadminton "birdie"Shuttlecock
55%
NNType of cylinder shaped pasta
resembling ziti
Penne
54%
PP"New Age" women of the Roaring 20sFlappers
53%
DDSatan's musical instrumentFiddle
53%
AAAutomaker that is "born from jets"Saab
51%
CCJames Bond's
card game of choice
Baccarat
45%
VVExperienced; Well informedSavvy
36%
QQEmoticon that represents crying eyesQQ
24%
HHTo not divulge informationWithhold
14%
WWWingless grub-like female of a fireflyGlowworm
9%
YYTitle given to descendents
of Muhammad
Sayyid
4%

Score Distribution

Percentile by Number Answered

Percent of People with Each Score

Your Score History

You have not taken this quiz since the last reset